| 000 | 00727cam a2200277 4500 | ||
|---|---|---|---|
| 001 | 28281 | ||
| 005 | 20220405165302.0 | ||
| 090 | _a28281 | ||
| 095 | _aPTBN00271214 | ||
| 100 | _a20070904d1982 c y0pory5003 ba | ||
| 101 | 0 | _apor | |
| 102 | _aPT | ||
| 105 | _aa z 000fy | ||
| 106 | _ar | ||
| 930 | _lBECRE | ||
| 675 |
_a087.5 _vBN _zpor |
||
| 675 |
_a821.134.3-93"19" _vBN _zpor |
||
| 675 |
_a821.134.3-34"19" _vBN _zpor |
||
| 700 | 1 |
_aSoares, _bLuísa Ducla, _f1939- _92431 |
|
| 702 | 1 |
_aAmaral, _bPaula _4440 |
|
| 200 | 1 |
_aO dragão _fLuísa Ducla Soares _gil. Paula Amaral |
|
| 210 |
_aLisboa _cLivros Horizonte, _d1982 |
||
| 215 |
_a30, [2] p. _cil. _d23 cm |
||
| 225 | 2 |
_aPássaro livre _v24 |
|
| 801 | 0 |
_aPT _bBN _gRPC |
|
| 990 | _cLIVROS | ||